Language Quiz

Random Language Quiz
Score 0/17 Timer 09:00
0 Plays Today
where is it used % Correct
I-mutation, process by which a vowel is pronounced more like the vowel in a following syllableUmlaut
87.1%
Low or open vowel, falling toneGrave
87.1%
Stressed vowel, high vowel, rising tone, long vowel, or palatalizationAcute
85.1%
Long vowel, high vowels, falling toneCircumflex
83.2%
Softening of 'c' sound from 'k' to 's,' under 's' to make a different phonemeCedilla
79.2%
Nasalization, dipping-rising toneTilde
67.3%
Long vowel, long syllable, high level toneMacron
66.3%
Short vowelBreve
55.4%
Two vowels that would normally be pronounced as a diphthong pronounced separatelyDiaeresis
50.5%
where is it used % Correct
Falling-rising toneHook
49.5%
Palatalization, falling-rising toneCaron
45.5%
Nasalization, long vowel, high toneOgonek
45.5%
Unrounded version of rounded vowelsHorn
40.6%
Long version of front rounded vowelDouble acute
40.6%
Short falling toneDouble grave
39.6%
Long vowel, over 'a' to make a different phonemeRing above
12.9%
VoicelessnessRing below
11.9%
Remove Ads.
Support Sporcle.
Get the best of Sporcle when you Go Orange. This ad-free experience offers more features, more stats, and more fun while also helping to support Sporcle. Thank you for becoming a member.

You're not logged in!

Compare scores with friends on all Sporcle quizzes.
OR
Log In

Show Comments

Extras

Created Oct 11, 2009SourceReportNominate
Tags:diacritic

Top Quizzes Today


Score Distribution

Your Account Isn't Verified!

In order to create a playlist on Sporcle, you need to verify the email address you used during registration. Go to your Sporcle Settings to finish the process.

Report this User

Report this user for behavior that violates our Community Guidelines.

Details: